OBSTETRIC AND GYNAECOLOGY : AN EVIDENCE-BASED TEXT FOR MRCOG / (Record no. 796933)

MARC details
000 -LEADER
fixed length control field 00535pam a2200193 a 4500
020 ## - INTERNATIONAL STANDARD BOOK NUMBER
International Standard Book Number 9780340808764
Terms of availability 1726.00
041 ## - LANGUAGE CODE
Language code of text/sound track or separate title eng
Language code of original NULL
082 ## - DEWEY DECIMAL CLASSIFICATION NUMBER
Classification number 618.2
Item number LUE/BAK
100 ## - MAIN ENTRY--PERSONAL NAME
Personal name LUESLEY D.M.,BAKER P.N. .
245 ## - TITLE STATEMENT
Title OBSTETRIC AND GYNAECOLOGY : AN EVIDENCE-BASED TEXT FOR MRCOG /
Statement of responsibility, etc. NULL.
Medium Textual Documents
260 ## - PUBLICATION, DISTRIBUTION, ETC.
Place of publication, distribution, etc. NULL :
Name of publisher, distributor, etc. ARNOLD ,
Date of publication, distribution, etc. 2004.
300 ## - PHYSICAL DESCRIPTION
Extent 784 : :
Other physical details XVI ; ;
Dimensions A4 . +
Accompanying material PB.
365 ## - TRADE PRICE
Price type code 1726.00
Price note 1
650 ## - SUBJECT ADDED ENTRY--TOPICAL TERM
Topical term or geographic name entry element OBST.GYNE
700 ## - ADDED ENTRY--PERSONAL NAME
Personal name .
907 ## - LOCAL DATA ELEMENT G, LDG (RLIN)
a 5929
930 ## - EQUIVALENCE OR CROSS-REFERENCE-UNIFORM TITLE HEADING [LOCAL, CANADA]
Uniform title 2398
Holdings
Withdrawn status Lost status Damaged status Not for loan Collection Home library Current library Date acquired Source of acquisition Cost, normal purchase price Total Checkouts Full call number Barcode Date last seen Date last checked out Copy number Price effective from Koha item type
          Medical College & Hospital, Sangli Medical College & Hospital, Sangli 04/01/2008 B.M.S.G.B.PUNE 1726.00 1 618.2 LUE/BAK MCS-5929 30/06/2026 06/10/2023 2 26/07/2023 Book
          Medical College & Hospital, Sangli Medical College & Hospital, Sangli 04/01/2008 B.M.S.G.B.PUNE 1726.00   618.2 LUE/BAK MCS-5928 26/07/2023   1 26/07/2023 Book